Khảo sát kháng thể kháng virus gây bệnh tiêu chảy cấp trên heo (Porcine Epidemic Diarrhea, PED) tại hai tỉnh Vĩnh Long và Sóc Trăng : Luận văn tốt nghiệp Cao học. Chuyên ngành Thú y
Xác định tỷ lệ nhiễm PED và các yếu tố nguy cơ đối với bệnh PED trên địa bàn hai tỉnh Sóc Trăng, Vĩnh Long
Na minha lista:
| Autor principal: | |
|---|---|
| Formato: | Livro |
| Idioma: | Undetermined |
| Publicado em: |
Cần Thơ
Trường Đại học Cần Thơ
2019
|
| Assuntos: | |
| Tags: |
Adicionar Tag
Sem tags, seja o primeiro a adicionar uma tag!
|
| Thư viện lưu trữ: | Trung tâm Học liệu Trường Đại học Cần Thơ |
|---|
| LEADER | 01042nam a2200229Ia 4500 | ||
|---|---|---|---|
| 001 | CTU_232114 | ||
| 008 | 210402s9999 xx 000 0 und d | ||
| 082 | |a 636.4089 | ||
| 082 | |b Kh401 | ||
| 088 | |a 8640101 | ||
| 100 | |a Huỳnh, Đăng Khoa | ||
| 245 | 0 | |a Khảo sát kháng thể kháng virus gây bệnh tiêu chảy cấp trên heo (Porcine Epidemic Diarrhea, PED) tại hai tỉnh Vĩnh Long và Sóc Trăng : | |
| 245 | 0 | |b Luận văn tốt nghiệp Cao học. Chuyên ngành Thú y | |
| 245 | 0 | |c Huỳnh Đăng Khoa ; Nguyễn Đức Hiền (Cán bộ hướng dẫn) | |
| 260 | |a Cần Thơ | ||
| 260 | |b Trường Đại học Cần Thơ | ||
| 260 | |c 2019 | ||
| 520 | |a Xác định tỷ lệ nhiễm PED và các yếu tố nguy cơ đối với bệnh PED trên địa bàn hai tỉnh Sóc Trăng, Vĩnh Long | ||
| 650 | |a Swine,Heo | ||
| 650 | |x Diseases,Bệnh | ||
| 910 | |b nthai | ||
| 980 | |a Trung tâm Học liệu Trường Đại học Cần Thơ | ||